|
|
|
|
| LEADER |
00000nam a2200000 i 4500 |
| 001 |
in00000000340 |
| 005 |
20251126061319.4 |
| 002 |
513149/О-32-529462 |
| 008 |
020524s2000 unr l000 0yukr d |
| 020 |
|
|
|a 5110047669
|c 10.00 грн.
|
| 035 |
|
|
|a ( UA-KiNSAL)513149/О-32-529462
|
| 040 |
|
|
|a UA-KiNSAL
|b ukr
|c UA-KiNSAL
|
| 080 |
|
|
|a 634/635(075.8)
|
| 090 |
|
|
|a 634/635(075.8)
|b О-32
|
| 245 |
0 |
0 |
|a Овочівництво і плодівництво :
|b Підруч. для учнів проф.-техн. закл. освіти /
|c О.Ю. Барабаш, О.М. Цизь, О.П. Леонтьєв, В.Т. Гонтар
|
| 260 |
|
|
|a К. :
|b Вища шк.,
|c 2000
|
| 300 |
|
|
|a 503 с.
|
| 530 |
|
|
|a Original record
|u https://kubg.libs.net.ua/kubg_recs/0000002285.txt
|
| 650 |
0 |
4 |
|a Плодівництво
|x Підручники, посібники
|
| 650 |
0 |
4 |
|a Овочівництво
|x Підручники, посібники
|
| 700 |
1 |
|
|a Барабаш, О.Ю.
|q Орест Юліанович
|e автор
|
| 700 |
1 |
|
|a Цизь, О.М.
|q Олександр Михайлович
|e автор
|
| 700 |
1 |
|
|a Леонтьєв, О.П.
|q Олексій Петрович
|e автор
|
| 700 |
1 |
|
|a Гонтар, В.Т.
|q василь Терентійович
|e автор
|
| 942 |
|
|
|2 UDC
|c BK
|
| 952 |
|
|
|a XP
|b книга
|d ХР
|z 20020524
|i 513149
|j 513149/О-32-529462
|o 634/635(075.8) О-32
|a 1996/25
|g 10.00
|c 1
|
| 952 |
|
|
|a XP
|b книга
|d ХР
|z 20220909
|e Дар Кравченка
|i 555165
|p Kn0097001
|j 513149/О-32-529462
|o 634/635(075.8) О-32
|a 9
|g 10.00
|c 2
|
| 920 |
|
|
|a PAZK
|
| 961 |
|
|
|a 691
|
| 991 |
0 |
0 |
|a 513149/О-32-529462
|
| 997 |
|
|
|a 0000002285
|
| 998 |
|
|
|a 2285
|
| 999 |
f |
f |
|i c866b407-aab3-4a83-8730-565801ff5ef6
|s e2377f6c-90be-4d5d-ad38-d5c0911e4fcf
|t 0
|
| 952 |
f |
f |
|p Може видаватися
|a Національна наукова сільськогосподарська бібліотека
|b Центральна будівля
|c ННСБ всі підрозділи
|d Відділ зберігання
|t 0
|e 513149/О-32-529462
|i книга
|n 1
|
| 952 |
f |
f |
|p Може видаватися
|a Національна наукова сільськогосподарська бібліотека
|b Центральна будівля
|c ННСБ всі підрозділи
|d Відділ зберігання
|t 0
|e 513149/О-32-529462
|i книга
|m Kn0097001
|n 2
|